Paesi per immagini #4 - Statistics

Statistiche generali
  • Questo quiz è stato fatto 4.124 volte
  • Il punteggio medio è 7 su 15
Statistiche sulle risposte
con Immagini Risposta % Corretto
Grecia
99%
Italia
98%
Corea del Nord
93%
Cina
67%
Nepal
66%
Marocco
57%
Belgio
38%
Portogallo
34%
Myanmar
32%
Sudan
31%
Messico
26%
Monaco
22%
Pakistan
21%
Mali
15%
Sri Lanka
11%
Nessun quiz corrispondente trovato
Distribuzione punteggi
Percentuale di utenti per punteggio
Percentile per numero di risposta
I tuoi punteggi nel tempo
Non hai fatto questo quiz